000 00421nam a22001451a 4500
003 NEGST
005 20110718123943.0
008 040608s 001 0 eng d
245 0 0 _aPrepare the soil before sowing = (Lingala) Mark 4: 1-20 :
_b26 lessons for winning people for Jesus.
260 _a[S.l.] :
_b[s.n.]
300 _a78p.
590 _aAccession number: 31064
630 0 0 _aBible. N.T. Mark.
999 _c18688
_d18688